| 000 | 03265cam a22006254i 4500 | ||
|---|---|---|---|
| 003 | PE-LiUPU | ||
| 005 | 20250731180144.0 | ||
| 008 | 150706s r 000 0 d | ||
| 020 | _a9788497453837 | ||
| 035 | _a(Sirsi) i9788497453837 | ||
| 040 |
_aPE-LiUPU _bspa _cPE-LiUPU _erda |
||
| 049 | _aPRUA | ||
| 082 | 0 | 4 |
_a553.7 _bG3 2008 |
| 082 | 0 | 4 |
_a553.7 _bG3 _221 |
| 110 | 2 | _aNetbiblo. | |
| 245 | 1 | 0 |
_aGestión sostenible del agua residual en entornos rurales : _bproyecto Depuranat : tratamiento de aguas residuales con finalidades productivas, en el ámbito rural y espacios naturales del espacio Atlántico, mediante sistemas de tratamiento natural o de bajo coste energético / _cNetbiblo. |
| 264 | 1 |
_aOleiros, La Coruña : _bNetbiblo, _c[2008]. |
|
| 300 |
_axxii, 341 páginas : _bilustraciones ; _c25 centímetros |
||
| 336 |
_atext _2rdacontent |
||
| 337 |
_aunmediated _2rdamedia |
||
| 338 |
_avolume _2rdacarrier |
||
| 504 | _aBibliografía: página 333-341 | ||
| 505 | 0 | _aFundamentos de los Sistemas de Depuración Natural (SDN) -- Proyecto demostrativos de depuración natural -- Evaluación de los Sistemas de Depuración Natural. -Caracterización de los subproductos generados de los SDN -- La integración ambiental y social de los SDN -- Evaluación económico y ambiental de los SDN -- Metodología para la realización de los mapas de potencial -- Propuesta de herramienta de apoyo para la toma de decisiciones en la implantación de SDN en el Espacio Atlántico Europeo. | |
| 526 | _aSEG44 | ||
| 526 | _aSEG26 | ||
| 526 | _aP159 | ||
| 526 | _aP155 | ||
| 526 | _aP154 | ||
| 526 | _aP153 | ||
| 526 | _aP150 | ||
| 526 | _aP100 | ||
| 526 | _aP31 | ||
| 526 | _aP30 | ||
| 526 | _aP26 | ||
| 526 | _aP25 | ||
| 526 | _aP24 | ||
| 526 | _aP22 | ||
| 526 | _aP15 | ||
| 526 | _aP10 | ||
| 541 | _g015-0012792; | ||
| 541 | _g015-0016193; | ||
| 650 | 0 | 4 |
_aAguas residuales _xTratamiento. |
| 910 |
_agl _bjv _cng _d20110519 |
||
| 910 |
_cwelc _d20160926 |
||
| 942 |
_2ddc _cBOOK |
||
| 949 |
_a553.7 G3 2008 _wDEWEY _c1 _iFJ02247 _lCCODEBUJ1 _mBUJ _p53.61 _r0 _sY _tBOOK _u2016-9-26 _xINGENIERIA _PP24 _0COMPRA _o.STAFF. Colección General Juliaca |
||
| 949 |
_a553.7 G3 _wDEWEY _c1 _i62943 _lCCODEBUL1 _mBUL _p35.00 _r0 _sY _tBOOK _u2015-7-6 _xINGENIERIA _PP24 _0COMPRA _o.STAFF. Colección General |
||
| 949 |
_a553.7 G3 _wDEWEY _c2 _i69181 _lCCODEBUL1 _mBUL _p68.00 _r0 _sY _tBOOK _u2015-7-6 _xINGENIERIA _PP24 _0COMPRA _o.STAFF. Colección General |
||
| 994 |
_aC0 _bPEPRU |
||
| 596 | _a1 3 | ||
| 999 |
_a553.7 G3 _wDEWEY _c51969 _i62943 _d51969 _f2021-11-5 _g7 _lCCODEBUL1 _mBUL _p35.00 _q1 _r0 _sN _tBOOK _u2015-7-6 _xBIBLIOTECA _PP24 _0COMPRA _o.STAFF. Colección General |
||
| 999 |
_a553.7 G3 _wDEWEY _c2 _i69181 _d2018-4-24 _e2018-4-20 _f2021-11-5 _g7 _lCCODEBUL1 _mBUL _n1 _p68.00 _r0 _sN _tBOOK _u2015-7-6 _xBIBLIOTECA _PP24 _0COMPRA _o.STAFF. Colección General |
||
| 999 |
_a553.7 G3 2008 _wDEWEY _c1 _iFJ02247 _d2019-10-21 _e2019-10-16 _f2022-1-25 _g4 _lCCODEBUJ1 _mBUJ _n5 _p53.61 _q4 _r0 _sY _tBOOK _u2016-9-26 _xINGENIERIA _PP24 _0COMPRA _o.STAFF. Colección General Juliaca |
||
| 980 |
_81 _gALBERTO SANCHEZ Responsable de Automatización |
||